000 00728nam a2200229 i 4500
001 105824
003 ES-MaACL
005 20230906184002.0
007 t|
008 060830s1949 fr |||| | fre d
080 _a94(470.23)"1921"
100 1 _aMett, Ida.
_980734
245 1 3 _aLa Commune de Cronstadt
_b: crépuscule sanglant des Soviets /
_cIda Mett.
260 _aParis :
_bRené Lefeuvre,
_c[1949]
300 _a88 p. ;
_c20 cm.
490 1 _aSpartacus, 2e. Série ;
_v11
650 4 _aKronstadt, Rebelión de, 1921.
_9161800
651 4 _aKronstadt-
_xHistoria.
_9161801
830 0 _aSpartacus, 2e. Série ;
_v11
_9185113
852 _aES-MaACL
_jAND-649
_z. - Biblioteca Juan Andrade
999 _c105824
_d105824